| 000 | 00536nam a22001571 4500 | ||
|---|---|---|---|
| 082 | 0 | 0 |
_a510.2462 _bJOH _cL-3, P-18 |
| 100 | 1 |
_aJohnson, Walter Curtis, _939002 |
|
| 245 | 1 | 0 |
_aMathematical and physical principles of engineering analysis, _cby Walter C. Johnson ... |
| 250 | _a1st ed. | ||
| 260 |
_aNew York; _aLondon, _bMcGraw-Hill book company, inc., _c1944. |
||
| 300 |
_ax, 346 p. _bdiagrs. _c22 cm. |
||
| 526 |
_a0 _b0 _c0 _d510_246200000000000_JOH |
||
| 650 | 0 |
_aEngineering mathematics. _92310 |
|
| 650 | 0 |
_aMCE _9379 |
|
| 942 |
_2ddc _cBK |
||
| 999 |
_c543592 _d543592 |
||